01691 a2200157 4500020001800000082001700018100002100035245008400056260003700140300001300177520127700190650002101467650001601488650001701504650001201521 a9781107546103 a340.1bGOO-L aGoodrich, Peter  aLegal Emblems and the Art of Law b: Obiter Depicta as the Vision of Governance bCambridge University Pressc2015 a307. pp. aThe history of the legal emblem has not been written. A seemingly fortuitous invention of the humanist lawyer Andrea Alciato in 1531, the emblem book is an extraordinary pictorial turn in the early history of publishing and in the emergence of modern law. The preponderance of juridical and normative themes, of images of rule and infraction, of obedience and error in the emblem books is critical to their purpose and interest. It is no accident that the history of this highly successful scholarly genre is dominated in authorship and content by lawyers. This book is the history of the emblem tradition as a juridical genre, along with the concept of, and training in obiter depicta, in things seen along the way to judgment. It argues that these picture books of law depict norms and abuses in classically derived forms that become the visual standards of governance. Despite the plethora of vivid figures and virtual symbols that define and transmit law, contemporary lawyers are not trained in the critical apprehension of the visible. This book is the first to reconstruct the history of the emblem tradition so as to evidence the extent to which a gallery of images of law already exists and structures how the public realm is displayed, made present, and viewed.  aSymbolism in law aLaw and art aEmblem books aEmblems